000
00250 a2200109 4500
001
51179
040
_c
Anchieta - Pituba
240
1
0
_a
Aula da paixão 2013
_l
245
1
0
_a
Aula da paixão 2013
650
4
_a
Línguas espanhola e portuguesa
942
_c
MX
999
_c
51179
_d
51179